000 00377nam a2200145Ia 4500
008 240624s9999 xx 000 0 und d
041 _aeng
082 _a330 SEX
100 _aSEXTON ROBERT L
245 _aEXPLORATION OF ECONOMICS
250 _a(6th ed.)
260 _c2008
_aNew Delhi
_bSouth-Western Cengage Learning
300 _axxix, 910 p,; 23 cm.
365 _cBPS
_b26
999 _c30017
_d30017